00684nam a22002297a 450000500170000001000150001702000260003203500140005803700090007208200130008110000190009424500990011325000060021226000380021827000400025630000200029670000360031670000250035270000220037770000270039970000280042620250407154200.0 aENG-144517 c100.00a9788181804600 aEN-128049 bDBAD a372.6521 aVasundhara, D. aD.E/Ed Second Year, Paper-VI Pedagogy of English Language Education/ cD. Vasundhara...[et.al] a1 aHyderabad bTelugu Akademi c2018 aTelugu Akademi bHyderabad e500029 a252p.b24cm(pb) aD. Bala Tripura SundarieAuthor aSandhya RanieAuthor aUsha BalaeAuthor aR. Sai KrishnaeAuthor aTulasi, SridevieAuthor